000 00478cab a2200181 4500
001 WB2628-48
008 090401t1990 xxu||||| |||| 00| 0 eng d
035 _a(Sirsi) u15617
041 _aeng
245 _aReport on BSE
260 _c1990
350 _a0
490 _aMAFF News Release
_vno FSD45/90 12 July 1990 12 pages
520 _aThe Tyrell Committee `s report on BSE has been published by MAFF .
690 _aRURAL PRACTICE
942 _n0
948 _c04/03/1997
999 _c10264
_d10264